Calmar la mente : del ruido al silencio. Neurociencia práctica /

Desde tiempos inmemoriales, la mente evolucionó hasta convertirse en la pieza principal de nuestra existencia: es la que le dice a usted quién es, qué piensa, siente y anhela, teje la trama de su vida y da forma a la realidad que habita. Sin embargo, incluso siendo tan crucial para nuestro desarroll...

Descripción completa

Guardado en:
Autor Principal: Raspall, Lucas.
Formato: Libro
Idioma:Undetermined
Publicado: Buenos Aires : Grijalbo, 2026.
Edición:5a ed.
Materias:
Etiquetas: Agregar Etiqueta
Sin Etiquetas, Sea el primero en etiquetar este registro!
LEADER 02690nam a22002055a 4500
001 CEM.cems025194
008 260526s2026####ag#######b####000#0#und#d
005 20260526172614.0
245 1 0 |a Calmar la mente :  |b del ruido al silencio. Neurociencia práctica /  |c Lucas Raspall. 
250 |a 5a ed. 
260 |a Buenos Aires :  |b Grijalbo,  |c 2026. 
300 |a 399 p. 
504 |a Referencias bibliográficas p.393. 
505 0 |a La sólida realidad de la física clásica -- La mene: qué es, dónde está y cómo surgió -- Física cuántica -- Los primeros pasos de la mente: objetivo, instinto y emociones, consciencia, autoconsciencia, inconsciente, conciencia autobiográfica, la mente con tiempo libre -- El experimento de la doble rendija -- Conciencia: su estudio, experiencia subjetiva, el yo, información e integración -- El colapso cuántico -- Mente: probabilidad, colapso y potencia -- Mente, sentidos y realidad -- La mente desde una perspectiva cuántica -- ¿Quién manda, usted o su mente? -- El gato de Schrödinger -- Meditación -- Continuo cambio -- Calmar la agitación mental -- El principio de complementariedad de Bohr -- Una mirada compasiva -- Curvar el espacio-tiempo -- Mente de principiante: mirar por primera vez -- Expansión de la conciencia -- Una mente universal: el entrelazamiento cuántico -- Una mente universal 
520 |a Desde tiempos inmemoriales, la mente evolucionó hasta convertirse en la pieza principal de nuestra existencia: es la que le dice a usted quién es, qué piensa, siente y anhela, teje la trama de su vida y da forma a la realidad que habita. Sin embargo, incluso siendo tan crucial para nuestro desarrollo, se convirtió también en una enorme limitación, restringiendo nuestro entendimiento, bloqueando nuevas perspectivas y, muchas veces, generando sufrimiento innecesario. En este fascinante viaje a través de la mente y las neurociencias, Lucas Raspall invita a expandir sus horizontes. El desafío es aprender, mediante ejercicios fáciles y prácticos, a calmar la agitación mental, eliminar el ruido y ensanchar el campo de la conciencia. Y así descubrir cómo penetrar en los secretos de la física cuántica, donde la incertidumbre, el dinamismo, la interrelación y el entrelazamiento definen una realidad mucho más profunda y deslumbrante, como en la vida misma. Este libro no solo ofrece conocimientos, sino una experiencia transformadora para conocernos mejor y vivir el tiempo que nos toca más conectados con el presente y con nosotros mismos. 
020 |a 9789502817545 
100 1 |a Raspall, Lucas. 
653 |a Autoayuda 
653 |a Neurociencias 
859 |a CEMS  |b BIB. CEMS - 11 de abril  |h 153  |i R184  |p 30803.26  |t Ej.1